Aspetti della Fortuna dell'Antico nella cultura europea

সংরক্ষণ করুন:
গ্রন্থ-পঞ্জীর বিবরন
প্রধান লেখক: Narducci, Emanuele (Author), Audano, Sergio (Author), Fezzi, Luca (Author)
বিন্যাস: গ্রন্থ
ভাষা:ইতালিয়
প্রকাশিত: Pisa ETS 2005
সংস্করন:1a. ed
মালা:Testi e Studi di Cultura Clasica, 33
বিষয়গুলি:
ট্যাগগুলো: ট্যাগ যুক্ত করুন
কোনো ট্যাগ নেই, প্রথমজন হিসাবে ট্যাগ করুন!

MARC

LEADER 00000cam a2200000 a 4500
001 UCD8616
003 CL-VaPUC
005 20220412172228.0
008 170519e20050000it 1 ita d
020 |a 8846711785 
082 0 4 |a 851.09  |b NAR  |2 21 
100 1 |a Narducci, Emanuele  |e author  |9 622233 
700 1 |a Audano, Sergio  |e author  |9 622234 
700 1 |a Fezzi, Luca  |e author  |9 622235 
245 1 0 |a Aspetti della Fortuna dell'Antico nella cultura europea 
250 |a 1a. ed 
260 |a Pisa  |b ETS  |c 2005 
300 |a 207 p 
490 0 |a Testi e Studi di Cultura Clasica, 33 
583 |a last modification  |c 20190909 10:07:42  |k Rodrigo Vera 
650 0 0 |a Civilizaciones antiguas  |9 265998 
650 0 0 |a Literatura comparada  |9 319086 
650 0 0 |a Civilización europea  |9 432982 
650 0 7 |a INFLUENCIA GRIEGA  |2 CL-VaPUC  |9 562375 
942 |c BK 
945 |a dcastane  |d 20170519 15:42:00 
546 |a En Italiano 
536 |a Fundazione Mediaterraneo 
518 |p Aspetti della Fortuna dell'Antico nella cultura europea, 1, Sestri Levante, 26 marzo 2004 
999 |c 384875  |d 384873 
952 |0 0  |1 0  |3 erb  |4 0  |6 851_090000000000000_NAR_2005  |7 0  |8 A  |9 507878  |a FDOLAF  |b FDOLAF  |e Laffi, Umberto  |i 5391954  |o 851.09 NAR 2005  |p 5391954  |r 2024-01-30  |w 2020-01-23  |y BK  |z Catalogado en:20170519  |k LAF